Mach ani dvojnásobná rychlost zvuku neochrání Concorde před útokem v oblacích 2

Bibliographic Details
Other Authors: Raymond, Edward R. (Author of dialog), Dorn, Michael, 1952- (uci), Bosworth, Brian (uci), Robertson, Cliff (uci)
Format: Book
Language:Czech
PhysicalDescription:1 videokazeta (92 min.) stereo, fareb., VHS systém PAL 10x19 cm
Published: Bratislava Intersonic 2000
Subjects:

MARC

LEADER 00000nam a2200000 a 4500
001 vtls001401229
003 SK-MaSNL
005 20260301071721.0
008 130607s2000 xo 0 cze
015 |a SNBJ2000/04-01771 
035 |a SNK000355726 
040 |a SNK  |b slo  |c SNK  |e AACR2 
044 |a xo  |c SK 
080 |a 791.43(73)(086.8)  |2 1981 
245 1 |a Mach  |h videozáznam  |b ani dvojnásobná rychlost zvuku neochrání Concorde před útokem v oblacích  |n 2  |c réžia Edward R. Raymond 
260 |a Bratislava  |b Intersonic  |c 2000 
300 |a 1 videokazeta (92 min.)  |b stereo, fareb., VHS systém PAL  |c 10x19 cm 
511 |a Hrajú: Michael Dorn, Brian Bosworth, Cliff Robertson 
650 0 7 |a filmy akčné  |x videokazety  |2 SNK  |9 283651 
655 7 |a videokazety  |2 SNK  |9 70726 
700 1 |a Raymond, Edward R.  |4 aud  |9 389959 
700 1 |a Dorn, Michael,  |d 1952-  |4 uci  |9 41096 
700 1 |a Bosworth, Brian  |4 uci  |9 42993 
700 1 |a Robertson, Cliff  |4 uci  |9 389960 
999 |c 638749  |d 640679 
952 |t P65, <07>, [BOOK], {657}  |a SNK  |b SNK  |y PREZ  |7 0  |p 17A0258964  |o snkSVC 1321/2  |i snkJK 395/2000  |0 0  |1 0  |4 0  |d 2000-11-23  |l 0  |r 2005-01-02 00:00:00  |w 2026-02-23